Logos - Clubs qui ont gagné la LDC - Statistiques

Statistiques générales
  • Ce quiz a été pris 529 fois
  • Le résultat moyen est 19 sur 23
Statistiques - réponses
Par images Réponse % Correct
AC Milan (7)
99%
Barcelone (5)
99%
Real Madrid (15)
99%
Bayern Munich (6)
98%
Juventus (2)
98%
Liverpool (6)
98%
Chelsea (2)
97%
Manchester United (3)
97%
Inter Milan (3)
96%
Ajax (4)
95%
Porto (2)
94%
Manchester City (1)
93%
OM (1)
93%
Benfica (2)
91%
Borussia Dortmund (1)
91%
PSV (1)
87%
Celtic Glasgow (1)
84%
Aston Villa (1)
79%
Nottingham Forrest (2)
69%
Feyenoord (1)
61%
Etoile Rouge de Belgrade (1)
49%
Hambourg (1)
48%
Steaua Bucarest (1)
28%
Aucun quiz correspondant
Distribution des résultats
% des personnes avec chaque résultat
Percentile par nombre de réponses
Votre historique - résultats
Vous n’avez pas pris ce quiz